[Event "XV MIEDZYNARODOWY FESTIWAL SZACHOWY PERLA BALTYKU - GRUPA A"]
[Site "LAZY"]
[Date "1899-12-30"]
[Round "7.10"]
[White "Sloniewski, Michal"]
[Black "Sokolowski, Ryszard"]
[Result "0-1"]
[WhiteTitle "I"]
[BlackTitle "k"]
[WhiteElo "1744"]
[BlackElo "2064"]

1. d4 Nf6 2. c4 d6 3. Nf3 Nbd7 4. Nc3 c6 5. e4 e5 6. Be2 Be7 7. O-O O-O 8. d5 Nc5
9. Qc2 cxd5 10. cxd5 Qc7 11. Nd2 Bd7 12. f3 b5 13. Nb3 Rfc8 14. Be3 Na4 15. Qd2
Nxc3 16. bxc3 Qxc3 17. Rac1 Qxd2 18. Bxd2 Bd8 19. Bb4 Bb6+ 20. Kh1 Ne8 21. Bd3
Rxc1 22. Nxc1 a5 23. Bd2 Nc7 24. g3 b4 25. f4 f6 26. f5 Bb5 27. g4 h6 28. g5 hxg5
29. h4 gxh4 30. Kg2 Kf7 31. Rh1 Rh8 32. Rh3 g5 33. fxg6+ Kxg6 34. Kf3 Bd7 35.
Rh2 h3 36. Be3 Bxe3 37. Kxe3 f5 38. Ne2 f4+ 39. Kf3 Kg5 40. Ng1 Ne8 41. Bf1 Bg4+
42. Kf2 Nf6 43. Nxh3+ Bxh3 44. Rxh3 Nxe4+ 45. Kf3 Rxh3+ 46. Bxh3 Nc3 0-1

[Event "XV MIEDZYNARODOWY FESTIWAL SZACHOWY PERLA BALTYKU - GRUPA A"]
[Site "LAZY"]
[Date "1899-12-30"]
[Round "7.11"]
[White "Kostecka, Marika"]
[Black "Majocha, Piotr"]
[Result "1-0"]
[WhiteTitle "WCM"]
[BlackTitle "I++"]
[WhiteElo "1924"]
[BlackElo "2005"]

1. e4 e6 2. d4 d5 3. Nc3 Nf6 4. Bg5 Bb4 5. e5 h6 6. Be3 Ne4 7. Qg4 Kf8 8. a3 Bxc3+
9. bxc3 Nxc3 10. Bd3 c5 11. dxc5 Qa5 12. Bd2 Qxc5 13. Ne2 d4 14. Qxd4 Qxd4 15.
Nxd4 Nd5 16. c4 Nc7 17. Bb4+ Ke8 18. Bd6 Kd8 19. Be4 Ne8 20. Rb1 Nxd6 21. exd6
Kd7 22. Bxb7 Bxb7 23. Rxb7+ Kxd6 24. Nb5+ Kc6 25. Rxf7 a6 26. Nd4+ Kc5 27. Nxe6+
Kxc4 28. Nxg7 Nc6 29. O-O Rac8 30. f4 Nd4 31. f5 Rhf8 32. Rxf8 Rxf8 33. g4 Rf7
34. f6 Kb3 35. h4 Kxa3 36. g5 hxg5 37. hxg5 Kb4 38. g6 Rf8 39. Nh5 1-0

[Event "XV MIEDZYNARODOWY FESTIWAL SZACHOWY PERLA BALTYKU - GRUPA A"]
[Site "LAZY"]
[Date "1899-12-30"]
[Round "7.12"]
[White "Gorkiewicz, Mateusz"]
[Black "Sypien, Natan"]
[Result "1-0"]
[WhiteTitle "I"]
[BlackTitle "I"]
[WhiteElo "1985"]
[BlackElo "1769"]

1. e4 c5 2. Nf3 Nc6 3. d4 cxd4 4. Nxd4 Nf6 5. Nc3 e5 6. Ndb5 d6 7. Bg5 a6 8. Na3
b5 9. Nd5 Be7 10. Bxf6 Bxf6 11. c4 b4 12. Nc2 a5 13. g3 O-O 14. Bg2 Bg5 15. O-O
Ne7 16. Nce3 Bxe3 17. Nxe3 Be6 18. Qd3 Qc7 19. Rfd1 Rfd8 20. a3 Nc6 21. Nc2 Rab8
22. axb4 Nxb4 23. Nxb4 Rxb4 24. b3 Qb6 25. Ra3 g6 26. Bf1 Kg7 27. Qf3 Rb8 28.
Rd3 a4 29. bxa4 Bxc4 30. Rd1 Bxf1 31. Rxf1 Qa6 32. a5 R8b5 33. Qd3 Rd4 34. Qe2
d5 35. exd5 Rdxd5 36. h4 Rb6 37. Qa2 Rbb5 38. Qc4 Rdc5 39. Qe2 Qa8 40. a6 Ra5
41. Raa1 Rcb5 42. a7 Kg8 43. Rfc1 Rc5 44. Rd1 Qxa7 45. Rxa5 Qxa5 46. h5 gxh5 47.
Qxh5 Qb6 48. Qg5+ Qg6 49. Qe7 Rc8 50. Qxe5 h6 51. Rd6 Qg5 52. Qd4 Re8 53. Kg2
Qg7 54. Qb6 Kh7 55. Qb1+ Kh8 56. Qf5 Kg8 57. Qf4 Qg5 58. Qa4 Re5 59. Qc4 Re8 60.
Qc6 Qe5 61. Rxh6 Qe4+ 62. Qxe4 Rxe4 63. Kf3 Ra4 64. Rh4 Ra2 65. Re4 Kg7 66. g4
Kg6 67. Kg3 Ra3+ 68. f3 Kg5 69. Re5+ Kg6 70. g5 Ra6 71. Kg4 f6 72. gxf6 Ra4+ 73.
f4 Kxf6 74. Rb5 Ra1 75. Rb6+ Kf7 76. Kg5 Rg1+ 77. Kf5 Rf1 78. Rb7+ Ke8 79. Ke6
Re1+ 80. Kf6 Rf1 81. f5 Rf2 82. Rb8+ Kd7 83. Rg8 Rf1 84. Rg5 Ke8 85. Rg8+ Kd7
86. Rg4 Ke8 87. Re4+ Kf8 88. Rc4 Ke8 89. Rc7 Rf2 90. Rc1 Rf3 91. Rb1 Rf2 92. Rg1
Rf3 93. Rg5 Kf8 94. Rh5 Kg8 95. Rh1 Rf2 96. Ra1 Rb2 97. Ra8+ Kh7 98. Re8 Rb6+
99. Re6 Rb1 100. Kf7 Rb7+ 101. Re7 Rb8 102. f6 Ra8 103. Rd7 1-0

[Event "XV MIEDZYNARODOWY FESTIWAL SZACHOWY PERLA BALTYKU - GRUPA A"]
[Site "LAZY"]
[Date "1899-12-30"]
[Round "7.13"]
[White "Ulrych, Wojciech"]
[Black "Kutowski, Marcel"]
[Result "0-1"]
[WhiteTitle "I++"]
[BlackTitle "I"]
[WhiteElo "1870"]
[BlackElo "1659"]

1. e4 c6 2. d4 d5 3. e5 c5 4. c3 Nc6 5. Nf3 Bg4 6. Be2 e6 7. O-O Qb6 8. a4 Bxf3
9. gxf3 cxd4 10. a5 Qd8 11. cxd4 a6 12. Qa4 Nh6 13. Bd3 Qh4 14. Be3 g6 15. Rc1
Kd7 16. Qb3 Rb8 17. Rxc6 Kxc6 18. Nd2 Be7 19. Qa4+ Kc7 20. Rc1+ Kd8 21. Qc2 Ke8
22. Qc7 Rd8 23. Qxb7 Nf5 24. Bxa6 Kf8 25. Bd3 Bg5 26. Bxf5 gxf5 27. Rc7 Bxe3 28.
Qb4+ Kg7 29. fxe3 Qe1+ 30. Kg2 Rhg8 31. Kh3 Kh8 32. Qe7 Rg3+ 33. Kh4 Rg6+ 34.
Kh5 Rdg8 35. h4 Qxe3 36. Qf6+ Rxf6 37. exf6 Qxd4 38. Rxf7 Qxd2 39. a6 Rg5+ 0-1

[Event "XV MIEDZYNARODOWY FESTIWAL SZACHOWY PERLA BALTYKU - GRUPA A"]
[Site "LAZY"]
[Date "1899-12-30"]
[Round "7.14"]
[White "Majewski, Krzysztof"]
[Black "Puksza, Andrzej"]
[Result "1-0"]
[WhiteTitle "II+"]
[BlackTitle "I"]
[WhiteElo "1727"]
[BlackElo "1973"]

1. Nf3 g6 2. g3 Bg7 3. Bg2 Nf6 4. O-O O-O 5. c4 d6 6. d3 e5 7. e4 c6 8. Nc3 Ne8
9. Nh4 Bf6 10. Nf3 Nc7 11. d4 exd4 12. Nxd4 Ne6 13. Be3 Na6 14. Rc1 Nac7 15. Nb3
Re8 16. Qd2 Ng7 17. Rfd1 Be7 18. Bf4 Be6 19. Bf1 Bg4 20. Be2 Bxe2 21. Qxe2 Nce6
22. Bxd6 Bxd6 23. e5 Qg5 24. exd6 Nd4 25. Qd3 Nxb3 26. axb3 Rad8 27. b4 Nh5 28.
Qd4 Nf6 29. c5 Qf5 30. Re1 a6 31. Kg2 h5 32. Qf4 Qxf4 33. gxf4 Rxe1 34. Rxe1 Kf8
35. Kf3 Re8 36. Rd1 Nd7 37. Na4 f5 38. Nc3 Re6 39. Rd2 Ke8 40. Re2 Rxe2 41. Kxe2
a5 42. bxa5 Nxc5 43. b4 Ne6 44. Na4 Nxf4+ 45. Ke3 Nd5+ 46. Kd4 Nxb4 47. Nc5 Nc2+
48. Ke5 Kd8 49. Nxb7+ Kc8 50. Nc5 Nb4 51. Ke6 f4 52. a6 Nd5 53. Na4 Nc7+ 54. dxc7
Kxc7 55. Nc5 Kb6 56. Kf6 1-0

[Event "XV MIEDZYNARODOWY FESTIWAL SZACHOWY PERLA BALTYKU - GRUPA A"]
[Site "LAZY"]
[Date "1899-12-30"]
[Round "7.15"]
[White "Szydelko, Michal"]
[Black "Sandomierski, Cyprian"]
[Result "0-1"]
[WhiteTitle "I"]
[BlackTitle "II+"]
[WhiteElo "1843"]
[BlackElo "1597"]

1. e4 e5 2. Nf3 Nc6 3. d4 exd4 4. Bc4 Nf6 5. e5 d5 6. Bb5 Ne4 7. Nxd4 Bd7 8. Bxc6
bxc6 9. O-O Bc5 10. Be3 Bb6 11. f3 Nc5 12. f4 Ne6 13. f5 Nxd4 14. Bxd4 c5 15.
Be3 d4 16. Bd2 Bc6 17. Qg4 Qd5 18. e6 c4 19. exf7+ Kxf7 20. Kh1 Rhe8 21. a4 Re4
22. Qh5+ Kg8 23. Na3 Rae8 24. Qg5 Re2 25. Rf3 Qxf3 26. gxf3 Bxf3+ 27. Kg1 d3+
28. Kf1 Rf2+ 29. Kg1 Rxd2+ 30. Kf1 Rf2+ 31. Kg1 Rxc2+ 32. Kf1 Rf2+ 33. Kg1 Rxb2+
34. Kf1 Rf2+ 0-1

[Event "XV MIEDZYNARODOWY FESTIWAL SZACHOWY PERLA BALTYKU - GRUPA A"]
[Site "LAZY"]
[Date "1899-12-30"]
[Round "7.16"]
[White "Smietanska, Wiktoria"]
[Black "Rogala, Milosz"]
[Result "0-1"]
[WhiteTitle "CM"]
[BlackTitle "II"]
[WhiteElo "1595"]
[BlackElo "1791"]

1. c4 c6 2. Nf3 d5 3. e3 Nf6 4. Nc3 a6 5. b3 Bg4 6. Be2 e6 7. d4 Bd6 8. O-O Nbd7
9. h3 Bxf3 10. Bxf3 Qc7 11. Bb2 Be7 12. Rc1 Qd6 13. Ne2 O-O-O 14. cxd5 exd5 15.
a3 h5 16. b4 Rdg8 17. Nc3 g5 18. Be2 Bd8 19. Rc2 Bc7 20. f4 Rg7 21. Bd3 h4 22.
Rff2 gxf4 23. exf4 Nh5 24. Ne2 Qe6 25. Kh1 Rhg8 26. a4 Qe3 27. Rf3 Qe6 28. Rf2
f5 29. Bc1 Ndf6 30. b5 axb5 31. axb5 cxb5 32. Bxb5 Ne4 33. Rf3 Rxg2 34. Qe1 Qg6
35. Qf1 Rxe2 36. Bxe2 Nhg3+ 37. Rxg3 Nxg3+ 0-1

[Event "XV MIEDZYNARODOWY FESTIWAL SZACHOWY PERLA BALTYKU - GRUPA A"]
[Site "LAZY"]
[Date "1899-12-30"]
[Round "7.17"]
[White "Straszewski, Tomasz"]
[Black "Kruczynski, Marek"]
[Result "1-0"]
[WhiteTitle "I"]
[BlackTitle "I"]
[WhiteElo "1674"]
[BlackElo "1744"]

1. e4 e5 2. Nf3 d6 3. Bc4 Nf6 4. Nc3 Be7 5. O-O O-O 6. d4 Nbd7 7. h3 c6 8. a4 a5
9. Be3 Qc7 10. Qe2 h6 11. d5 Re8 12. Rad1 Nf8 13. Nh4 Nxd5 14. Qh5 Bxh4 15. exd5
Bg5 16. Bxg5 hxg5 17. Qxg5 Nh7 18. Qd2 c5 19. f4 Bd7 20. Rde1 f6 21. fxe5 Rxe5
22. Rxe5 fxe5 23. b3 Rf8 24. Re1 Rf4 25. Ne2 Rf8 26. Ng3 b6 27. Rxe5 Qd8 28. Re1
Qh4 29. Ne4 Re8 30. Nf2 Rf8 31. Ne4 Re8 32. Bd3 Kh8 33. Re2 Bf5 34. Nxd6 Qd4+
35. Kh1 Rxe2 36. Qxe2 Bxd3 37. Qe8+ Nf8 38. Qxf8+ Kh7 39. cxd3 Qa1+ 40. Kh2 Qe5+
41. Kg1 Qa1+ 42. Qf1 Qd4+ 43. Kh1 Qxd5 44. Qf5+ Qxf5 45. Nxf5 Kg6 46. g4 Kf6 47.
Kg2 g6 48. Ne3 Ke5 49. Nc2 Kf4 50. Kf2 g5 51. Na3 1-0

[Event "XV MIEDZYNARODOWY FESTIWAL SZACHOWY PERLA BALTYKU - GRUPA A"]
[Site "LAZY"]
[Date "1899-12-30"]
[Round "7.18"]
[White "Morczynski, Joachim"]
[Black "Siekanska, Zuzanna"]
[Result "1/2-1/2"]
[WhiteTitle "III"]
[BlackTitle "I"]
[WhiteElo "1733"]
[BlackElo "1582"]

1. e4 c5 2. Nf3 e6 3. d4 cxd4 4. Nxd4 Nf6 5. Nc3 d6 6. Be3 a6 7. Be2 Be7 8. O-O
O-O 9. f4 e5 10. fxe5 dxe5 11. Nf5 Nc6 12. Qxd8 Rxd8 13. Nxe7+ Nxe7 14. Rad1 Rxd1
15. Rxd1 Bg4 16. Bxg4 Nxg4 17. Bb6 Kf8 18. Rd7 Nc6 19. Rxb7 Rb8 20. Bc5+ Ke8 21.
Rxb8+ Nxb8 22. h3 Nf6 23. Ba3 Nc6 24. Kf2 Kd7 25. Bc5 Nd4 26. Bxd4 exd4 27. Ne2
Nxe4+ 28. Ke1 d3 29. cxd3 Nc5 30. Kd2 Kd6 31. d4 Ne6 32. Kd3 f5 33. Kc4 g5 34.
b4 f4 35. a4 h5 36. b5 axb5+ 37. axb5 g4 38. hxg4 hxg4 39. b6 f3 40. gxf3 gxf3
41. Ng3 Nxd4 42. Kxd4 1/2-1/2

[Event "XV MIEDZYNARODOWY FESTIWAL SZACHOWY PERLA BALTYKU - GRUPA A"]
[Site "LAZY"]
[Date "1899-12-30"]
[Round "7.19"]
[White "Sloniewska, Alicja"]
[Black "Szydelko, Kazimierz"]
[Result "1/2-1/2"]
[WhiteTitle "I"]
[BlackTitle "I"]
[WhiteElo "1531"]
[BlackElo "1699"]

1. d4 Nf6 2. c4 e6 3. Nc3 d5 4. cxd5 exd5 5. Bg5 Be7 6. e3 O-O 7. Bd3 c6 8. Nf3
Nbd7 9. O-O Ne4 10. Bxe7 Qxe7 11. Bxe4 dxe4 12. Nd2 f5 13. Rb1 a5 14. a3 Nf6 15.
b4 Be6 16. Qc2 b5 17. Ne2 axb4 18. axb4 Ra2 19. Rb2 Rxb2 20. Qxb2 Nd5 21. Rb1
f4 22. exf4 Nxf4 23. Nxf4 Rxf4 24. Re1 Bd5 25. Qc3 Rf6 26. Nf1 Qf8 27. Qd2 Rh6
28. Ng3 Re6 29. Nf1 Qd6 30. Ne3 Qf4 31. Qc2 Qd6 32. Qd2 Rh6 33. Nf1 Rf6 34. Ng3
Re6 35. Nf5 Qf8 36. Ne3 g6 37. Ra1 Re8 38. Nxd5 cxd5 39. Qa2 Qd6 40. Rc1 e3 41.
fxe3 Rxe3 42. Qa5 Qd7 43. Qa8+ Re8 44. Qa2 Qe6 45. Qb3 Qe4 46. Qc3 Kg7 47. Qd2
Re7 48. Rc5 Rf7 49. h3 Rf4 50. Rxb5 Qxd4+ 51. Qxd4+ Rxd4 52. Rb7+ Kf6 53. b5 h5
54. Rb6+ Kg5 55. Rb8 Rb4 56. b6 Kh4 57. Kh2 Rb2 58. b7 Kg5 59. Rd8 Rxb7 60. Rxd5+
Kf6 61. h4 Re7 62. Rd6+ Kf5 63. Rd5+ Re5 64. Rxe5+ Kxe5 65. Kg3 Ke4 66. Kf2 Kf4
67. g3+ 1/2-1/2

[Event "XV MIEDZYNARODOWY FESTIWAL SZACHOWY PERLA BALTYKU - GRUPA A"]
[Site "LAZY"]
[Date "1899-12-30"]
[Round "7.20"]
[White "Pacuszka, Wioletta"]
[Black "Starosta, Martyna"]
[Result "0-1"]
[WhiteTitle "I++"]
[BlackTitle "WCM"]
[WhiteElo "1836"]
[BlackElo "1841"]

1. e4 e5 2. Nf3 Nc6 3. Bc4 Bc5 4. c3 Nf6 5. d3 a6 6. a4 Ba7 7. O-O d6 8. h3 h6
9. Re1 g5 10. Nh2 g4 11. Be3 gxh3 12. g3 Bxe3 13. Rxe3 Be6 14. Nd2 Qe7 15. b4
Bxc4 16. Nxc4 h5 17. Rf3 h4 18. Ne3 O-O-O 19. b5 Nb8 20. Nf5 Qf8 21. Nxh4 Rxh4
22. Rxf6 Qg7 23. Qf3 Rf4 24. Rxf4 exf4 25. d4 fxg3 26. Qxg3 Qxg3+ 27. fxg3 Re8
28. Re1 Nd7 29. Kf2 Nb6 30. bxa6 bxa6 31. a5 Nc4 32. Kf3 f5 33. e5 dxe5 34. dxe5
Nxe5+ 35. Ke2 Ng4+ 0-1

[Event "XV MIEDZYNARODOWY FESTIWAL SZACHOWY PERLA BALTYKU - GRUPA A"]
[Site "LAZY"]
[Date "1899-12-30"]
[Round "7.21"]
[White "Plocica, Krzysztof"]
[Black "Lambrecht, Tomasz"]
[Result "0-1"]
[WhiteTitle "I"]
[BlackTitle "II"]
[WhiteElo "1656"]
[BlackElo "1601"]

1. e4 c5 2. Nf3 g6 3. d4 Bg7 4. Be2 Qb6 5. c3 cxd4 6. Nxd4 d6 7. Na3 Nf6 8. Nc4
Qd8 9. Bf3 O-O 10. O-O Nfd7 11. Be3 Nc6 12. Nxc6 bxc6 13. Bd4 Ba6 14. Bxg7 Kxg7
15. Be2 Bxc4 16. Bxc4 Qb6 17. Qd2 Rab8 18. b4 Ne5 19. Be2 f5 20. exf5 Rxf5 21.
a4 a5 22. b5 Rbf8 23. Qd4 c5 24. Qe3 g5 25. Bd1 h6 26. h3 Qb7 27. Bc2 Rf4 28.
f3 Qa7 29. Rae1 h5 30. Be4 Kh6 31. g3 R4f6 32. h4 Nf7 33. Bd5 e6 34. Ba2 d5 35.
g4 hxg4 36. fxg4 Kg7 37. Rxf6 Kxf6 38. Qxe6+ Kg7 39. h5 Qc7 40. Qg6+ Kh8 41. Qd3
Ne5 42. Qe2 Nf3+ 43. Kh1 Qg3 0-1

[Event "XV MIEDZYNARODOWY FESTIWAL SZACHOWY PERLA BALTYKU - GRUPA A"]
[Site "LAZY"]
[Date "1899-12-30"]
[Round "7.22"]
[White "Lazniewski, Tadeusz"]
[Black "Pyzio, Amelia"]
[Result "1/2-1/2"]
[WhiteTitle "II+"]
[BlackTitle "I++"]
[WhiteElo "1518"]
[BlackElo "1616"]

1. e4 e5 2. Nf3 Nc6 3. Nc3 Nf6 4. Bb5 a6 5. Bxc6 dxc6 6. Nxe5 Nxe4 7. Nxe4 Qd4
8. O-O Qxe5 9. Re1 Be6 10. d4 Qf5 11. Ng3 Qd5 12. b3 O-O-O 13. Bb2 c5 14. c4 Qg5
15. d5 h5 16. Re5 Qg6 17. Qb1 Bd7 18. Qxg6 fxg6 19. h3 Rh6 20. Bc1 Rh8 21. Bg5
Bd6 22. Re3 Rde8 23. Rae1 Rxe3 24. Rxe3 Re8 25. Rxe8+ Bxe8 1/2-1/2

[Event "XV MIEDZYNARODOWY FESTIWAL SZACHOWY PERLA BALTYKU - GRUPA A"]
[Site "LAZY"]
[Date "1899-12-30"]
[Round "7.23"]
[White "Kusiak, Mateusz"]
[Black "Jankowski, Igor"]
[Result "1/2-1/2"]
[WhiteTitle "I"]
[BlackTitle "II+"]
[WhiteElo "1514"]
[BlackElo "1662"]

1. e4 e6 2. d4 d5 3. exd5 exd5 4. Nf3 Bd6 5. Bd3 Ne7 6. O-O O-O 7. h3 Bf5 8. b3
Nd7 9. c4 Bxd3 10. Qxd3 dxc4 11. bxc4 Ng6 12. Nc3 c6 13. Rd1 Re8 14. Rb1 b6 15.
Ng5 Nf6 16. Qf3 Qe7 17. Bd2 Nh4 18. Qd3 Qd7 19. Nce4 Nxe4 20. Nxe4 Qf5 21. Re1
Qg6 22. g3 Re7 23. Re2 Rae8 24. Rbe1 Bc7 25. Bg5 f5 26. Bxe7 fxe4 27. Rxe4 Rxe7
28. c5 1/2-1/2

[Event "XV MIEDZYNARODOWY FESTIWAL SZACHOWY PERLA BALTYKU - GRUPA A"]
[Site "LAZY"]
[Date "1899-12-30"]
[Round "7.24"]
[White "Bochenek, Ryszard"]
[Black "Wojtowicz, Wojciech"]
[Result "0-1"]
[WhiteTitle "II"]
[BlackTitle "II"]
[WhiteElo "1358"]
[BlackElo "1683"]

1. d4 Nf6 2. c4 e6 3. Nf3 b6 4. g3 Bb7 5. Bg2 d5 6. cxd5 exd5 7. Nc3 Bb4 8. Bd2
O-O 9. O-O Nbd7 10. Rc1 Re8 11. Nb5 c6 12. Bxb4 cxb5 13. Qd3 Ne4 14. Qxb5 a5 15.
Ba3 Ndf6 16. Ne5 Ba6 17. Qa4 b5 18. Qb3 b4 19. Bxb4 axb4 20. Qxb4 Qb8 21. Qxb8
Raxb8 22. Rc2 Rb4 23. Rd1 Rb7 24. e3 Bb5 25. Rdc1 h6 26. Rc7 Rxc7 27. Rxc7 Nd6
28. Bh3 Ra8 29. a3 Rb8 30. b3 Be8 31. b4 Ra8 32. Rc3 Nfe4 33. Rb3 Ba4 34. Rb1
Bb5 35. Ra1 Ra7 36. Kg2 g6 37. f3 Nd2 38. Kf2 N6c4 39. Nxc4 Nxc4 40. Bf1 Rxa3
41. Rxa3 Nxa3 42. Bxb5 Nxb5 43. Ke2 Kf8 44. Kd3 Ke7 45. e4 Kd6 46. e5+ Ke6 47.
h3 f6 48. f4 fxe5 49. dxe5 Kf5 50. g4+ Kxf4 51. e6 Ke5 52. e7 Nd6 53. b5 Ke6 0-1

[Event "XV MIEDZYNARODOWY FESTIWAL SZACHOWY PERLA BALTYKU - GRUPA A"]
[Site "LAZY"]
[Date "1899-12-30"]
[Round "8.1"]
[White "Luczak, Filip"]
[Black "Koziak, Vitali"]
[Result "1/2-1/2"]
[WhiteTitle "CM"]
[BlackTitle "IM"]
[WhiteElo "2114"]
[BlackElo "2473"]

1. Nf3 d5 2. g3 c6 3. Bg2 Bg4 4. O-O Nd7 5. b3 e5 6. Bb2 Bd6 7. d4 exd4 8. Nxd4
Ngf6 9. h3 Be6 10. e4 O-O 11. c4 Re8 12. exd5 cxd5 13. Nxe6 Rxe6 14. cxd5 Re8
15. Nd2 Be5 16. Bxe5 Nxe5 17. Nc4 Nxc4 18. bxc4 Qd6 19. Qa4 Nd7 20. Rab1 Nc5 21.
Qa3 Rec8 22. Rb5 Rc7 23. Rfb1 g6 24. Rb6 Qd8 25. d6 axb6 26. dxc7 Qc8 27. Qb2
Qxc7 28. Qxb6 Qxb6 29. Rxb6 Rxa2 30. Bxb7 Nxb7 31. Rxb7 Rc2 32. Rc7 g5 33. Kg2
Rc3 34. c5 Kg7 35. c6 Kf6 36. Rc8 h6 37. h4 gxh4 38. gxh4 h5 39. f3 Rc2+ 40. Kg3
Rc4 41. Rc7 Kg6 42. Rc8 Kf6 43. Rh8 Kg6 44. Rg8+ Kh7 45. Rc8 Kg6 46. c7 Kf6 47.
Rh8 Rxc7 48. Rxh5 Rc8 49. Kg4 Rc4+ 50. Kg3 Ra4 51. Rb5 Kg6 52. Re5 Rb4 53. Rg5+
Kf6 54. Rg4 Rb5 55. Rf4+ Kg6 56. Kg4 Rb1 57. h5+ Kg7 58. Kg5 Rb6 59. h6+ Rxh6
60. Rxf7+ Kxf7 61. Kxh6 Kf6 1/2-1/2

[Event "XV MIEDZYNARODOWY FESTIWAL SZACHOWY PERLA BALTYKU - GRUPA A"]
[Site "LAZY"]
[Date "1899-12-30"]
[Round "8.2"]
[White "Cukrowski, Filip"]
[Black "Krainski, Aleksander"]
[Result "1-0"]
[WhiteTitle "FM"]
[BlackTitle "FM"]
[WhiteElo "2421"]
[BlackElo "2117"]

1. c4 e6 2. d4 d5 3. Nc3 Nf6 4. cxd5 exd5 5. Bg5 Nbd7 6. e3 c6 7. Bd3 Be7 8. Nge2
Nf8 9. Qc2 Ne6 10. Bh4 g6 11. h3 Nh5 12. Bxe7 Qxe7 13. O-O-O Bd7 14. Kb1 Nhg7
15. f3 Nc7 16. e4 O-O 17. Qb3 dxe4 18. fxe4 Rab8 19. Qc2 c5 20. Rhe1 b5 21. dxc5
Qxc5 22. Nd5 Qxc2+ 23. Bxc2 Nxd5 24. exd5 Rfe8 25. Nd4 Rbc8 26. Rxe8+ Nxe8 27.
Be4 Nd6 28. Bf3 Kf8 29. b3 a6 30. Nc6 Re8 31. Kc2 f5 32. Kd3 g5 33. Rf1 Kg7 34.
Kd4 g4 35. Bd1 Nf7 36. Kc5 h5 37. Kb6 Rc8 38. a4 bxa4 39. bxa4 Nd6 40. Be2 Ne4
41. Bxa6 Rf8 42. a5 f4 43. hxg4 hxg4 44. Ne5 Rf6+ 45. Ka7 Nc5 46. Be2 Rd6 47.
Rxf4 1-0

[Event "XV MIEDZYNARODOWY FESTIWAL SZACHOWY PERLA BALTYKU - GRUPA A"]
[Site "LAZY"]
[Date "1899-12-30"]
[Round "8.3"]
[White "Jaroch, Karol"]
[Black "Swicarz, Maciej"]
[Result "1/2-1/2"]
[WhiteTitle "m"]
[BlackTitle "m"]
[WhiteElo "2242"]
[BlackElo "2341"]

1. e4 d5 2. exd5 Qxd5 3. Nc3 Qd6 4. d4 c6 5. Bc4 Nf6 6. Nge2 Bf5 7. Bf4 Qb4 8.
Bb3 e6 9. O-O Nbd7 10. Re1 Be7 11. Ng3 Bg6 12. h4 h6 13. Nce2 Nh5 14. c3 Qa5 15.
Nxh5 Bxh5 16. Bg3 Nf6 17. Qd3 Bg6 18. Qe3 O-O 19. Nf4 Bf5 20. Rad1 Qd8 21. d5
cxd5 22. Nxd5 Nxd5 23. Bxd5 exd5 24. Qxe7 Qxe7 25. Rxe7 b6 26. Rxd5 Be6 27. Rd6
Bxa2 28. Rb7 Be6 29. Be5 Rfe8 30. Bd4 h5 31. Kh2 Reb8 32. Rc7 Rc8 33. Rdc6 Bd7
34. Rc4 1/2-1/2

[Event "XV MIEDZYNARODOWY FESTIWAL SZACHOWY PERLA BALTYKU - GRUPA A"]
[Site "LAZY"]
[Date "1899-12-30"]
[Round "8.4"]
[White "Hasinski, Krystian"]
[Black "Karpus, Michal"]
[Result "0-1"]
[WhiteTitle "I++"]
[BlackTitle "FM"]
[WhiteElo "1836"]
[BlackElo "2312"]

1. c4 Nf6 2. Nc3 g6 3. g3 Bg7 4. Bg2 O-O 5. Nf3 d6 6. O-O e5 7. d3 Nc6 8. Rb1 Be6
9. b4 a6 10. Ng5 Bd7 11. a4 Qc8 12. b5 axb5 13. axb5 Nd8 14. Re1 h6 15. Nf3 Bh3
16. Bh1 Ne6 17. Qb3 Nd7 18. Nd5 Kh7 19. Ba3 Ndc5 20. Bxc5 Nxc5 21. Qc2 f5 22.
Nd2 f4 23. Ne4 Ne6 24. Bg2 Nd4 25. Qb2 Bxg2 26. Kxg2 Nxe2 27. f3 Nd4 28. g4 Qd8
29. Red1 c6 30. bxc6 bxc6 31. Ndc3 d5 32. Nf2 Qd6 33. Qd2 Rfb8 34. Rxb8 Rxb8 35.
Rb1 Rxb1 36. Nxb1 Qb8 37. Qa2 Qb4 38. Nd2 Qc3 39. Nf1 e4 40. cxd5 exf3+ 41. Kh3
Qe1 42. Ng3 fxg3 0-1

[Event "XV MIEDZYNARODOWY FESTIWAL SZACHOWY PERLA BALTYKU - GRUPA A"]
[Site "LAZY"]
[Date "1899-12-30"]
[Round "8.5"]
[White "Klusak, Piotr"]
[Black "Cyra, Dariusz"]
[Result "1/2-1/2"]
[WhiteTitle "k"]
[BlackTitle "I"]
[WhiteElo "2152"]
[BlackElo "1791"]

1. Nf3 Nf6 2. c4 e6 3. g3 b6 4. Bg2 Bb7 5. O-O Be7 6. d4 O-O 7. Nc3 d6 8. Qc2 Nbd7
9. e4 e5 10. Rd1 Qb8 11. b3 Re8 12. Bb2 Bf8 13. Rac1 a5 14. dxe5 dxe5 15. Ne1
Bc5 16. Nd5 c6 17. Nxf6+ Nxf6 18. Nd3 Nd7 19. Nxc5 Nxc5 20. Ba3 Qc7 21. Bxc5 bxc5
22. Rd2 Rad8 23. Rcd1 Rd4 24. f3 Red8 25. Bf1 R8d6 26. Qc3 Bc8 27. Kf2 Qd8 28.
Rd3 f5 29. exf5 Bxf5 30. Rxd4 exd4 31. Qd2 Re6 32. Re1 Rxe1 33. Kxe1 g5 34. Bd3
Bxd3 35. Qxd3 Qe8+ 36. Kf2 Qe5 37. Qd2 h5 38. Qd3 Kg7 39. Qe2 Qxe2+ 40. Kxe2 Kf6
41. Kd2 Kf5 42. Ke2 Ke5 43. Kd3 Kf5 44. Ke2 Ke5 45. Kd3 1/2-1/2

[Event "XV MIEDZYNARODOWY FESTIWAL SZACHOWY PERLA BALTYKU - GRUPA A"]
[Site "LAZY"]
[Date "1899-12-30"]
[Round "8.6"]
[White "Kopaczewski, Adam"]
[Black "Korosciel, Aneta"]
[Result "1-0"]
[WhiteTitle "I++"]
[BlackTitle "m"]
[WhiteElo "2046"]
[BlackElo "1983"]

1. e4 d6 2. g3 Nf6 3. Bg2 e5 4. Nc3 c6 5. Nge2 Be7 6. O-O O-O 7. d3 Nbd7 8. a4
Re8 9. h3 b6 10. g4 h6 11. Ng3 Bb7 12. f4 Nc5 13. g5 hxg5 14. fxg5 Nh7 15. h4
Ne6 16. Nf5 Nd4 17. Qh5 Rf8 18. Nxd4 exd4 19. Ne2 c5 20. Rxf7 Rxf7 21. g6 Nf6
22. gxf7+ Kf8 23. Qg6 Qd7 24. Bg5 Qe6 25. Rf1 Qxf7 26. Qf5 Bc8 27. Qf4 Be6 28.
Bxf6 gxf6 29. e5 Rc8 30. exf6 Bd8 31. Qxd6+ Kg8 32. Nf4 1-0

[Event "XV MIEDZYNARODOWY FESTIWAL SZACHOWY PERLA BALTYKU - GRUPA A"]
[Site "LAZY"]
[Date "1899-12-30"]
[Round "8.7"]
[White "Zabron, Maksym"]
[Black "Betkowski, Andrzej"]
[Result "1-0"]
[WhiteTitle "I"]
[BlackTitle "k"]
[WhiteElo "1797"]
[BlackElo "2038"]

1. d4 e6 2. Nf3 f5 3. g3 Nf6 4. Bg2 Be7 5. O-O O-O 6. c4 d6 7. Nc3 a5 8. a3 Ne4
9. Qc2 Nxc3 10. Qxc3 Bf6 11. b4 Nd7 12. Bb2 c5 13. Qb3 Qc7 14. dxc5 dxc5 15. Bxf6
Rxf6 16. b5 e5 17. e4 b6 18. exf5 Bb7 19. Qc2 Re8 20. Ng5 e4 21. Nxe4 Rh6 22.
Rfe1 Ne5 23. Rad1 Rf8 24. Ng5 Bxg2 25. Kxg2 Rd6 26. Rxd6 Qxd6 27. Qe4 Nd7 28.
Qe6+ Qxe6 29. fxe6 Nf6 30. Ne4 Nxe4 31. Rxe4 Re8 32. Kf3 1-0

[Event "XV MIEDZYNARODOWY FESTIWAL SZACHOWY PERLA BALTYKU - GRUPA A"]
[Site "LAZY"]
[Date "1899-12-30"]
[Round "8.8"]
[White "Gorkiewicz, Mateusz"]
[Black "Sobczynski, Roman"]
[Result "0-1"]
[WhiteTitle "I"]
[BlackTitle "I+"]
[WhiteElo "1985"]
[BlackElo "1849"]

1. e4 c5 2. Nf3 d6 3. d4 cxd4 4. Nxd4 Nf6 5. Nc3 a6 6. a4 e5 7. Nf3 h6 8. Bc4 Be7
9. O-O O-O 10. Qe2 Qc7 11. Rd1 Bg4 12. Ba2 Nc6 13. Be3 Rac8 14. Rac1 Na5 15. Nd5
Nxd5 16. Bxd5 Nc4 17. Rd3 b5 18. axb5 axb5 19. c3 Nb6 20. Bxb6 Qxb6 21. Ra1 Kh8
22. h3 Bd7 23. Ne1 f5 24. exf5 Bxf5 25. Rf3 Qc5 26. Rd1 Bh7 27. Nc2 Rxf3 28. Bxf3
Bg8 29. Ne3 Rf8 30. Nd5 Bh4 31. b4 Qa7 32. Rf1 Bh7 33. Qe3 Qa2 34. g3 Bg5 35.
Qe2 Qb3 36. h4 Bd8 37. Be4 Qa4 38. Bxh7 Kxh7 39. Qd3+ Kh8 40. Ne3 Qa6 41. Rd1
Bc7 42. Nd5 Bb6 43. Ne3 Bxe3 44. Qxe3 Rc8 45. Rd3 Qc6 46. Qd2 e4 47. Re3 d5 48.
Qd4 Rf8 49. Qd2 Rc8 50. Kg2 Qc4 51. Qb2 Rc7 52. Qa3 Rc8 53. Qa7 Qc6 54. Qd4 Rf8
55. Qd1 Qc4 56. Qe1 Qc6 57. Qe2 Rc8 58. f3 exf3+ 59. Qxf3 Ra8 60. Re2 Rc8 61.
Re3 Ra8 62. Re2 Rc8 63. Qd3 d4+ 64. Qf3 Qxf3+ 65. Kxf3 Rxc3+ 66. Ke4 d3 67. Rd2
Rb3 68. Rxd3 Rxb4+ 69. Kd5 Kg8 70. Kc5 Rb1 71. Rf3 g6 72. g4 Kg7 73. h5 g5 74.
Rd3 Re1 75. Kxb5 Kf6 76. Kc5 Ke5 77. Rd5+ Kf4 78. Rd6 Rc1+ 79. Kb4 Kxg4 80. Rxh6
Rh1 81. Kc4 Rxh5 82. Ra6 Rh1 83. Kd4 Re1 84. Ra2 Kf4 85. Rf2+ Kg3 86. Rf8 g4 87.
Rg8 Kh3 88. Kd3 Re6 89. Rh8+ Kg2 90. Kd2 g3 91. Rg8 Kh2 92. Rh8+ Kg1 93. Rg8 g2
94. Rg7 Re5 95. Rg8 Kf2 96. Rf8+ Kg3 97. Rg8+ Kh3 98. Rh8+ Kg4 99. Rg8+ Rg5 0-1